000 00790nam a2200277Ia 4500
003 OSt
005 20221005085753.0
006 a|||||r|||| 00| 0
007 ta
008 221004b |||||||| |||| 00| 0 eng d
020 _a0151509271
024 _a42779
037 _cTextual
040 _aCRL
_cCRL
_beng
041 _2eng
_aeng
082 _aO111,4M82x, L8
100 _aNicolson Nigel Ed.
110 _aGift from Prof Amitava Banerjee, London
245 0 _aLetters of Virginia Woolf
260 _aNew York
_bHarcourt Brace Jovanovich USA
_c1978
300 _a442p.
_ccm.
650 _aENGLISH LITERATURE
700 _aGift from Prof Amitava Banerjee, London
942 _hO111,4M82x, L8
_cTEXL
_2cc
999 _c994744
_d994744